| 000 | 00817nam a2200229 4500 | ||
|---|---|---|---|
| 003 | OSt | ||
| 005 | 20221117154826.0 | ||
| 008 | 221117b |||||||| |||| 00| 0 eng d | ||
| 020 | _a84 482 2516 3 | ||
| 040 | _cBiblioteca Lado V | ||
| 082 |
_a750 _bP378a |
||
| 100 |
_9460 _aPeiro, Juan Bautista _eautor |
||
| 245 |
_aArtistas Valencianos 2000/ _bGabinete de un Coleccionista/ |
||
| 260 |
_bConsorci de museus de la comunitat valenciana _c2000 _aValencia |
||
| 300 |
_a79p. _c20x20cm |
||
| 650 |
_2Tesauro de Arte & Arquitectura _aCATALOGO |
||
| 650 |
_2Tesauro de Arte & Arquitectura _aARTE VISUAL |
||
| 650 |
_2Tesauro de Arte & Arquitectura _aFOTOGRAFOS AMERICANOS |
||
| 650 |
_2Bienal do Mercosul _aBRASIL |
||
| 700 |
_aPerez-Barreiro, Gabriel _eautor _9454 |
||
| 942 |
_2ddc _c1 _h750 _iP378a |
||
| 999 |
_c2682 _d2682 |
||